| 000 | 00972nac a22002777a 4500 | ||
|---|---|---|---|
| 001 | BR8206608 | ||
| 003 | BR-BrBNA | ||
| 005 | 20240105115544.0 | ||
| 008 | 230509b bl.|||m| |||| 00| 0 por d | ||
| 040 |
_aBR-BrBNA _bpor _cBiblioteca Nacional de Agricultura |
||
| 072 | _aL60; L40 | ||
| 090 | _aL60 BR8206608 | ||
| 100 | 1 | _aCunha, O.R. da | |
| 100 | 1 | _aNascimento, F.P. do | |
| 110 | 1 | _aMuseu Paraense Emilio Goeldi, Belem, PA (Brasil) | |
| 245 | 1 | _aOfidios da Amazonia. 16 - a especie Uromacerina ricardini (Peracca, 1897)na Amazonia oriental (leste do Para)(Ophidia: colubridae) | |
| 260 | 3 |
_aBelem, PA (Brasil): _c1982. |
|
| 300 | _a9 p. | ||
| 490 |
_aBoletim do Museu Paraense Emilio Goeldi. Nova Serie. Zoologia (Brazil) _vno. 113 _xISSN 0077-2232 |
||
| 500 | _a13 ref.; Summary (Pt) | ||
| 650 | _aCOBRA | ||
| 650 | _aDISTRIBUICAO GEOGRAFICA | ||
| 650 | _aESTRUTURA ANIMAL | ||
| 909 |
_a202312 _bLúcia Elande _c55 _dLúcia Elande |
||
| 942 |
_2AGRIS _n0 _cMS |
||
| 999 |
_c275296 _d275296 |
||